[Event "FRA-ch Rapid"]
[Site "Port Marly"]
[Date "2022.05.29"]
[Round "3"]
[White "Shchekachev, Andrei"]
[Black "Marek, Yves"]
[Result "1-0"]
[WhiteElo "2508"]
[BlackElo "2096"]
[PlyCount "89"]
[EventDate "2022.05.29"]
[EventType "swiss (rapid)"]
[EventRounds "9"]
[EventCountry "FRA"]
[SourceTitle "CBM 208 Extra"]
[Source "ChessBase"]
[SourceDate "2022.07.31"]
[SourceVersion "1"]
[SourceVersionDate "2022.07.31"]
[SourceQuality "1"]

1. Nf3 d5 2. d4 e6 3. c4 c6 4. Qc2 f5 5. Bf4 Nf6 6. e3 Bd6 7. Nc3 0-0 8. Be2 Ne4 9. 0-0 Be7 10. h3 Nd7 11. Rab1 g5 12. Bh2 Bf6 13. b4 Rf7 14. b5 Rg7 15. bxc6 bxc6 16. Nxe4 fxe4 17. Nd2 Nb6 18. c5 Nd7 19. Qa4 Nf8 20. Qxc6 Bd7 21. Qa6 Qe8 22. f3 exf3 23. Rxf3 Rg6 24. Rbf1 Bg7 25. Bd6 e5 26. Qb7 Ne6 27. Rf7 Bc6 28. Qa6 exd4 29. Re7 Qc8 30. Qxc8+ Rxc8 31. Bg4 dxe3 32. Rxe6 Re8 33. Rxe8+ Bxe8 34. Nb3 Bb5 35. Rd1 e2 36. Re1 Bc3 37. Rxe2 Bxe2 38. Bxe2 Bb4 39. Bf3 d4 40. Be4 Rf6 41. Bd5+ Kg7 42. Be5 d3 43. c6 Bc5+ 44. Nxc5 d2 45. Bb3 1-0

[Event "EU-Cup Online Gr-H"]
[Site "Tornelo INT"]
[Date "2021.03.27"]
[Round "2.4"]
[White "Ahmadzada, Ahmad Samir"]
[Black "Marek, Yves"]
[Result "1-0"]
[WhiteElo "2431"]
[BlackElo "2099"]
[PlyCount "79"]
[EventDate "2021.03.27"]
[EventType "team-tourn (rapid)"]
[EventRounds "9"]
[EventCountry "NET"]
[SourceTitle "CBM 201 Extra"]
[Source "ChessBase"]
[SourceDate "2021.05.31"]
[SourceVersion "1"]
[SourceVersionDate "2021.05.31"]
[SourceQuality "1"]
[WhiteTeam "Vugar Gashimov"]
[BlackTeam "Asnieres II"]
[WhiteTeamCountry "AZE"]
[BlackTeamCountry "FRA"]

1. e4 e6 2. d4 d5 3. Nd2 Be7 4. e5 c5 5. c3 Nc6 6. Bd3 cxd4 7. cxd4 Nh6 8. Ndf3 Nf5 9. Ne2 Qa5+ 10. Bd2 Qb6 11. Bc3 Bd7 12. 0-0 Rc8 13. Rc1 a5 14. Nf4 Nh6 15. Nh5 g6 16. Bd2 Nf5 17. Bxf5 gxh5 18. Bd3 Nb4 19. Bb1 Rxc1 20. Bxc1 Bb5 21. Re1 Qa6 22. Ng5 Nd3 23. Nxf7 Rf8 24. Nd6+ Bxd6 25. Qxh5+ Kd7 26. Bxd3 Bxd3 27. exd6 Qxd6 28. f3 Qb4 29. Qe5 Qd6 30. Qe3 Bf5 31. Bd2 b6 32. Qf2 Rc8 33. Bc3 b5 34. Bxa5 Rc2 35. Re2 Rc1+ 36. Re1 Rc2 37. Re2 Rc1+ 38. Be1 Qb4 39. Qe3 Qc4 40. g4 1-0

[Event "EU-Cup Online Gr-H"]
[Site "Tornelo INT"]
[Date "2021.03.27"]
[Round "1.4"]
[White "Marek, Yves"]
[Black "Buhmann, Rainer"]
[Result "0-1"]
[WhiteElo "2099"]
[BlackElo "2580"]
[PlyCount "78"]
[EventDate "2021.03.27"]
[EventType "team-tourn (rapid)"]
[EventRounds "9"]
[EventCountry "NET"]
[SourceTitle "CBM 201 Extra"]
[Source "ChessBase"]
[SourceDate "2021.05.31"]
[SourceVersion "1"]
[SourceVersionDate "2021.05.31"]
[SourceQuality "1"]
[WhiteTeam "Asnieres II"]
[BlackTeam "Hockenheim"]
[WhiteTeamCountry "FRA"]
[BlackTeamCountry "GER"]

1. d4 d5 2. c4 e6 3. Nc3 Nf6 4. cxd5 exd5 5. Bg5 Be7 6. e3 0-0 7. Bd3 Re8 8. Nge2 c6 9. Qc2 Nbd7 10. Bh4 Nf8 11. f3 b5 12. Bf2 Bb7 13. 0-0 Rc8 14. Rad1 Ne6 15. Qd2 b4 16. Na4 Qa5 17. b3 c5 18. dxc5 Nxc5 19. Nxc5 Bxc5 20. Nd4 Ba6 21. Bf5 Bxf1 22. Bxc8 Bxd4 23. Qxd4 Be2 24. Rd2 Bxf3 25. gxf3 Rxc8 26. Bh4 Rc1+ 27. Kg2 Qa6 28. Rf2 Nd7 29. Qxd5 Nf8 30. Qd2 Qg6+ 31. Bg3 Qb1 32. Qxb4 h5 33. Qe4 Rg1+ 34. Kh3 Qd1 35. Qc2 Qd7+ 36. Kh4 Ng6+ 37. Kxh5 Qh3+ 38. Kg5 f6+ 39. Kxg6 Qh7# 0-1

[Event "EU-Cup Online Gr-H"]
[Site "Tornelo INT"]
[Date "2021.03.27"]
[Round "3.4"]
[White "Marek, Yves"]
[Black "Meessen, Rudolf"]
[Result "0-1"]
[WhiteElo "2099"]
[BlackElo "2223"]
[PlyCount "68"]
[EventDate "2021.03.27"]
[EventType "team-tourn (rapid)"]
[EventRounds "9"]
[EventCountry "NET"]
[SourceTitle "CBM 201 Extra"]
[Source "ChessBase"]
[SourceDate "2021.05.31"]
[SourceVersion "1"]
[SourceVersionDate "2021.05.31"]
[SourceQuality "1"]
[WhiteTeam "Asnieres II"]
[BlackTeam "Eupen Rochade"]
[WhiteTeamCountry "FRA"]
[BlackTeamCountry "BEL"]

1. d4 g6 2. e4 Bg7 3. c4 Nc6 4. Ne2 e5 5. d5 Nd4 6. Be3 c5 7. dxc6 dxc6 8. Nbc3 Ne7 9. Qd2 Be6 10. 0-0-0 Bxc4 11. Nxd4 Bxf1 12. Rhxf1 exd4 13. Bxd4 0-0 14. Bxg7 Kxg7 15. Qe3 Qc7 16. f4 f5 17. Qd4+ Kg8 18. Qc4+ Rf7 19. e5 Nc8 20. e6 Re7 21. Rd7 Qb6 22. Re1 Qf2 23. Re2 Qf1+ 24. Kc2 Nb6 25. Qd4 Nxd7 26. Qd6 Rae8 27. exd7 Rxe2+ 28. Kb3 Rd8 29. Qc7 Rxb2+ 30. Kxb2 Qf2+ 31. Ka3 Qc5+ 32. Ka4 Qc4+ 33. Ka3 Qxc3+ 34. Ka4 b5# 0-1

[Event "EU-Cup 35th"]
[Site "Ulcinj"]
[Date "2019.11.12"]
[Round "3.14"]
[White "Marek, Yves"]
[Black "Takacs, Laszlo"]
[Result "0-1"]
[WhiteElo "2114"]
[BlackElo "2239"]
[PlyCount "126"]
[EventDate "2019.11.10"]
[EventType "team-swiss"]
[EventRounds "7"]
[EventCountry "MNE"]
[SourceTitle "EXT 2021"]
[Source "ChessBase"]
[SourceDate "2020.10.23"]
[SourceVersion "1"]
[SourceVersionDate "2020.10.23"]
[SourceQuality "1"]
[WhiteTeam "Asnieres"]
[BlackTeam "Dunajska Streda"]
[WhiteTeamCountry "FRA"]
[BlackTeamCountry "SVK"]

1. d4 d5 2. c4 e6 3. Nc3 c5 4. cxd5 exd5 5. Nf3 Nc6 6. dxc5 d4 7. Na4 Bxc5 8. Nxc5 Qa5+ 9. Bd2 Qxc5 10. b4 Nxb4 11. Rc1 Qd6 12. e3 Nc6 13. Bb5 Bd7 14. 0-0 Nge7 15. exd4 0-0 16. Bc3 Bg4 17. h3 Be6 18. Qe2 Nd5 19. Ba1 Nf4 20. Qe3 Bxh3 21. Ne5 Qd5 22. Qg3 Nxe5 23. dxe5 Qxg2+ 24. Qxg2 Bxg2 25. Rfd1 Bf3 26. Rd7 Rad8 27. Rdc7 a6 28. Bf1 Bc6 29. Bb2 Nd5 30. R7xc6 bxc6 31. Bxa6 Nb4 32. Bc4 Nd3 33. Rc2 Nxb2 34. Rxb2 Rd4 35. Rc2 Re4 36. Bb3 Rxe5 37. Rxc6 Re7 38. Ra6 h5 39. Kg2 Rb8 40. Kg3 Rb4 41. f3 Kh7 42. Bd5 g6 43. a4 Rd4 44. Be4 Rexe4 45. fxe4 Rxe4 46. Rf6 Kg7 47. Rf4 Re1 48. Kh4 Rh1+ 49. Kg3 g5 50. Kg2 Ra1 51. Rb4 Kg6 52. Kg3 Ra3+ 53. Kg2 g4 54. Kh2 f5 55. Kg2 Kg5 56. Kh2 Ra2+ 57. Kg1 h4 58. Rc4 g3 59. a5 h3 60. Rc1 Rxa5 61. Rf1 Kg4 62. Rc1 f4 63. Re1 Ra2 0-1

[Event "EU-Cup 35th"]
[Site "Ulcinj"]
[Date "2019.11.11"]
[Round "2.2"]
[White "Kosanovic, Goran A"]
[Black "Marek, Yves"]
[Result "1/2-1/2"]
[WhiteElo "2313"]
[BlackElo "2114"]
[PlyCount "130"]
[EventDate "2019.11.10"]
[EventType "team-swiss"]
[EventRounds "7"]
[EventCountry "MNE"]
[SourceTitle "CBM 193 Extra"]
[Source "ChessBase"]
[SourceDate "2020.01.31"]
[SourceVersion "1"]
[SourceVersionDate "2020.01.31"]
[SourceQuality "1"]
[WhiteTeam "Sloven Ruma"]
[BlackTeam "Asnieres"]
[WhiteTeamCountry "SRB"]
[BlackTeamCountry "FRA"]

1. e4 e6 2. d4 d5 3. e5 c5 4. c3 Qb6 5. Nf3 Bd7 6. a3 a5 7. Be2 a4 8. 0-0 Nc6 9. dxc5 Bxc5 10. c4 dxc4 11. Nc3 Nd4 12. Ne4 Nb3 13. Be3 Bxe3 14. Nd6+ Ke7 15. fxe3 Qxe3+ 16. Kh1 Nxa1 17. Nxf7 Qc5 18. Nxh8 Nh6 19. Qd2 Rxh8 20. Qg5+ Ke8 21. Rxa1 Qe7 22. Qd2 b5 23. Rd1 Nf7 24. Qd4 Rf8 25. Kg1 Nd8 26. h4 Nb7 27. Kh2 Nc5 28. Ng5 g6 29. Kg1 h6 30. Nh7 Qxh7 31. Qxc5 Qe7 32. Qc7 Rf7 33. h5 g5 34. Bf3 Kf8 35. Be4 Be8 36. Qc8 Kg7 37. Bg6 Rf8 38. Bxe8 Rxe8 39. Qc6 Rd8 40. Rd6 Qa7+ 41. Kh1 Qa5 42. Qe4 Kh8 43. Kh2 Qc7 44. Qg6 Rxd6 45. Qxh6+ Kg8 46. Qxg5+ Kh7 47. Qg6+ Kh8 48. Qh6+ Kg8 49. exd6 Qxd6+ 50. g3 Qe5 51. Qg6+ Kh8 52. Qh6+ Kg8 53. Qg6+ Kh8 54. Qe8+ Kh7 55. Qf7+ Qg7 56. Qxe6 Qxb2+ 57. Kh3 Qb1 58. Qf7+ Kh6 59. Qf6+ Kh7 60. Qf7+ Kh6 61. Qf6+ Kh7 62. Qf7+ Kh6 63. Qf6+ Kh7 64. Qf7+ Kh6 65. Qf6+ Kh7 1/2-1/2

[Event "Pyramides FFE GP Handicap"]
[Site "Le Port Marly"]
[Date "2016.11.13"]
[Round "6"]
[White "Ider, Bayar"]
[Black "Marek, Yves"]
[Result "1-0"]
[WhiteElo "1222"]
[BlackElo "2061"]
[PlyCount "60"]
[EventDate "2016.11.13"]
[EventType "swiss (blitz)"]
[EventRounds "7"]
[EventCountry "FRA"]
[SourceTitle "CBM 175 Extra"]
[Source "ChessBase"]
[SourceDate "2016.12.12"]
[SourceVersion "1"]
[SourceVersionDate "2016.12.12"]
[SourceQuality "1"]

1. d4 e6 2. c4 d5 3. cxd5 exd5 4. Nc3 c6 5. Nf3 Bf5 6. Bg5 Qb6 7. Qb3 Qxb3 8. axb3 Bb4 9. e3 Nd7 10. Be2 f6 11. Bf4 g5 12. Bg3 h5 13. h3 Ne7 14. 0-0 g4 15. Nh4 gxh3 16. Nxf5 Nxf5 17. gxh3 Kf7 18. Bd3 Nxg3 19. fxg3 Rhg8 20. Kh2 Bd6 21. Rf3 h4 22. Rg1 hxg3+ 23. Kg2 Nf8 24. Rgf1 Nd7 25. e4 c5 26. exd5 cxd4 27. Ne2 Be5 28. Nxg3 Rg5 29. Kf2 Nc5 30. Bc4 Rag8 1-0

[Event "Paris-ch op-B 87th"]
[Site "Paris"]
[Date "2012.07.10"]
[Round "4"]
[White "Marek, Yves"]
[Black "Renault, Nicolas"]
[Result "1-0"]
[WhiteElo "2070"]
[BlackElo "1957"]
[PlyCount "103"]
[EventDate "2012.07.07"]
[EventType "swiss"]
[EventRounds "9"]
[EventCountry "FRA"]
[SourceTitle "EXT 2013"]
[Source "ChessBase"]
[SourceDate "2012.11.22"]
[SourceVersion "1"]
[SourceVersionDate "2012.11.22"]
[SourceQuality "1"]

1. d4 Nf6 2. Bg5 Ne4 3. Bh4 c5 4. f3 g5 5. fxe4 gxh4 6. e3 Bh6 7. d5 Bxe3 8. Nd2 Bxg1 9. Rxg1 Qc7 10. Rh1 Qe5 11. c3 Rg8 12. Qc2 d6 13. 0-0-0 Bg4 14. Re1 Nd7 15. Be2 0-0-0 16. h3 Bxe2 17. Rxe2 Rg3 18. Rf1 Qh5 19. Nc4 f6 20. Ne3 Qg5 21. Qd2 Re8 22. Nf5 Rd3 23. Qxg5 fxg5 24. Kc2 Ne5 25. Ne3 b5 26. Rf5 Rg8 27. Ng4 c4 28. Nxe5 dxe5 29. Rxe5 Kd7 30. d6 exd6 31. Rxb5 Kc6 32. Rb4 d5 33. exd5+ Rxd5 34. Rxc4+ Kd6 35. Rce4 Rg7 36. b4 h5 37. c4 Rf5 38. c5+ Kd7 39. Kc3 g4 40. Kd4 Rf1 41. b5 Rd1+ 42. Kc4 Rh1 43. c6+ Kc7 44. Re7+ Rxe7 45. Rxe7+ Kd6 46. Rd7+ Ke6 47. Rxa7 gxh3 48. gxh3 Rxh3 49. Rh7 Rh1 50. Kc5 h3 51. Rxh5 h2 52. Kb6 1-0

[Event "Paris-ch op-B 87th"]
[Site "Paris"]
[Date "2012.07.09"]
[Round "3"]
[White "Preschez, Francois"]
[Black "Marek, Yves"]
[Result "1/2-1/2"]
[WhiteElo "1937"]
[BlackElo "2070"]
[PlyCount "135"]
[EventDate "2012.07.07"]
[EventType "swiss"]
[EventRounds "9"]
[EventCountry "FRA"]
[SourceTitle "EXT 2013"]
[Source "ChessBase"]
[SourceDate "2012.11.22"]
[SourceVersion "1"]
[SourceVersionDate "2012.11.22"]
[SourceQuality "1"]

1. e4 e5 2. Nf3 Nc6 3. Bb5 Nf6 4. 0-0 Nxe4 5. d4 Nd6 6. Bxc6 dxc6 7. dxe5 Nf5 8. Qxd8+ Kxd8 9. Nc3 h5 10. h3 Be7 11. Bg5 Be6 12. b3 a5 13. a4 Ke8 14. Bxe7 Kxe7 15. Ne4 b6 16. Rad1 c5 17. Neg5 Rhd8 18. Nxe6 fxe6 19. Kh2 c6 20. g4 hxg4 21. hxg4 Nd4 22. Nxd4 Rxd4 23. Rxd4 cxd4 24. f4 b5 25. Ra1 b4 26. Kg3 Rd8 27. Rd1 c5 28. f5 Rf8 29. Rf1 exf5 30. gxf5 Rd8 31. Rd1 Kd7 32. Kf4 Rh8 33. Rd2 Rh4+ 34. Kg5 Re4 35. e6+ Ke7 36. Rg2 Re3 37. Rd2 Rg3+ 38. Kf4 Rg1 39. Kf3 g6 40. fxg6 Rxg6 41. Ke4 Kxe6 42. Rh2 Kd6 43. Rf2 Re6+ 44. Kd3 Kd5 45. Rh2 Re3+ 46. Kd2 Re5 47. Kd3 c4+ 48. bxc4+ Kc5 49. Rh8 Re3+ 50. Kd2 Kxc4 51. Rc8+ Kd5 52. Ra8 b3 53. Rxa5+ Kc4 54. cxb3+ Rxb3 55. Ra8 Rb2+ 56. Kc1 Ra2 57. a5 Kd3 58. a6 Ra1+ 59. Kb2 Ra5 60. Kc1 Rc5+ 61. Kd1 Ra5 62. Kc1 Ra1+ 63. Kb2 Ra5 64. Kc1 Rc5+ 65. Kd1 Rb5 66. Kc1 Ra5 67. a7 Ra6 68. Kb2 1/2-1/2

[Event "IECG CB.2003.0.00081 email"]
[Site "IECG email"]
[Date "2003.05.20"]
[Round "?"]
[White "Marek, Yves"]
[Black "Jendras, Gerard"]
[Result "1-0"]
[WhiteElo "1966"]
[BlackElo "1890"]
[PlyCount "85"]
[EventDate "2003.05.20"]
[EventType "tourn (corr)"]
[EventRounds "6"]
[SourceTitle "Corr 2008"]
[Source "ChessBase"]
[SourceDate "2008.06.24"]
[SourceVersion "1"]
[SourceVersionDate "2008.06.24"]
[SourceQuality "1"]

1. d4 d5 2. c4 dxc4 3. Nf3 Nf6 4. e3 e6 5. Bxc4 c5 6. 0-0 a6 7. Qe2 b5 8. Bb3 Bb7 9. a4 Nbd7 10. axb5 axb5 11. Rxa8 Qxa8 12. Nc3 b4 13. Nb5 Qb8 14. e4 cxd4 15. Nfxd4 Nc5 16. Bc4 Be7 17. e5 Nfd7 18. Re1 0-0 19. Bf4 Nb6 20. Nd6 Bd5 21. Bb5 Nc8 22. Bc6 Nxd6 23. Bxd5 exd5 24. Nc6 Qc7 25. Nxe7+ Qxe7 26. exd6 Qxe2 27. Rxe2 Rd8 28. Bd2 Ne4 29. Bxb4 f6 30. f3 Nxd6 31. Bc5 Kf7 32. b4 h5 33. Kf2 h4 34. Ke1 Rd7 35. Kd2 d4 36. Bxd6 Rxd6 37. Kd3 h3 38. g3 Rb6 39. Rb2 Ke6 40. Kxd4 Kd6 41. b5 Rb8 42. b6 Kc6 43. b7 1-0

[Event "IECG CB.2001.0.00017 email"]
[Site "IECG email"]
[Date "2001.10.12"]
[Round "?"]
[White "Marek, Yves"]
[Black "Ginther, Ron"]
[Result "1/2-1/2"]
[WhiteElo "1982"]
[BlackElo "1968"]
[PlyCount "53"]
[EventDate "2001.10.12"]
[EventType "tourn (corr)"]
[EventRounds "6"]
[SourceTitle "Corr 2008"]
[Source "ChessBase"]
[SourceDate "2008.06.24"]
[SourceVersion "1"]
[SourceVersionDate "2008.06.24"]
[SourceQuality "1"]

1. d4 d5 2. c4 dxc4 3. Nf3 Nf6 4. e3 e6 5. Bxc4 c5 6. 0-0 a6 7. a4 Nc6 8. Qe2 Qc7 9. Nc3 Bd6 10. Rd1 0-0 11. h3 Re8 12. dxc5 Bxc5 13. e4 Nd7 14. Bg5 b6 15. Rac1 h6 16. Be3 Bb7 17. Rc2 Bxe3 18. Qxe3 Rad8 19. Be2 Nde5 20. Nxe5 Nxe5 21. Rdc1 Qc5 22. Qxc5 bxc5 23. Nd1 c4 24. Bxc4 Bxe4 25. Rc3 Nxc4 26. Rxc4 Bd5 27. Rc7 1/2-1/2

[Event "IECG C1.2001.0.00351"]
[Site "IECG email"]
[Date "2001.04.01"]
[Round "?"]
[White "Marek, Yves"]
[Black "Muller, Henry"]
[Result "0-1"]
[WhiteElo "2086"]
[BlackElo "2077"]
[PlyCount "54"]
[EventDate "2001.04.01"]
[EventType "tourn (corr)"]
[EventRounds "6"]
[SourceTitle "Corr 2008"]
[Source "ChessBase"]
[SourceDate "2008.06.24"]
[SourceVersion "1"]
[SourceVersionDate "2008.06.24"]
[SourceQuality "1"]

1. d4 Nf6 2. c4 e6 3. Nc3 Bb4 4. e3 0-0 5. Bd3 c5 6. Nf3 Nc6 7. 0-0 d5 8. a3 Bxc3 9. bxc3 dxc4 10. Bxc4 Qc7 11. Bd3 e5 12. Qc2 Re8 13. dxe5 Nxe5 14. Nxe5 Qxe5 15. f3 Bd7 16. e4 c4 17. Be2 Bc6 18. Re1 Qc5+ 19. Kh1 Bxe4 20. fxe4 Nxe4 21. g3 Qf5 22. Ra2 Nxg3+ 23. Kg2 Ne4 24. Rf1 Qc5 25. Bf3 f5 26. Re1 Rad8 27. Be3 Qa5 0-1

[Event "IECG C1.2001.0.00351"]
[Site "IECG email"]
[Date "2001.04.01"]
[Round "?"]
[White "Nicora, Paolo"]
[Black "Marek, Yves"]
[Result "1-0"]
[WhiteElo "1950"]
[BlackElo "2086"]
[PlyCount "25"]
[EventDate "2001.04.01"]
[EventType "tourn (corr)"]
[EventRounds "6"]
[SourceTitle "Corr 2008"]
[Source "ChessBase"]
[SourceDate "2008.06.24"]
[SourceVersion "1"]
[SourceVersionDate "2008.06.24"]
[SourceQuality "1"]

1. e4 d6 2. d4 Nf6 3. Nc3 g6 4. Bg5 Bg7 5. e5 dxe5 6. dxe5 Nfd7 7. e6 fxe6 8. Qd2 Nb6 9. Bd3 Nc6 10. Bh6 0-0 11. Bxg7 Kxg7 12. Nf3 Nd5 13. 0-0-0 1-0

[Event "IECG CP.2000.P.00037"]
[Site "IECG email"]
[Date "2000.10.01"]
[Round "?"]
[White "Krzyzanowski, Patryk"]
[Black "Marek, Yves"]
[Result "1-0"]
[WhiteElo "2000"]
[BlackElo "2190"]
[PlyCount "33"]
[EventDate "2000.10.01"]
[EventType "tourn (corr)"]
[EventRounds "6"]
[EventCountry "ITA"]
[SourceTitle "Corr 2008"]
[Source "ChessBase"]
[SourceDate "2008.06.24"]
[SourceVersion "1"]
[SourceVersionDate "2008.06.24"]
[SourceQuality "1"]

1. d4 e6 2. c4 f5 3. g3 Nf6 4. Bg2 Be7 5. Nd2 c6 6. e4 fxe4 7. Nxe4 d5 8. Nd2 0-0 9. Ngf3 Na6 10. 0-0 Nc7 11. Re1 b5 12. cxb5 cxb5 13. Ne5 Bb7 14. Nb3 Ne4 15. Na5 Nd6 16. Bf4 g5 17. Nxb7 1-0

[Event "IECG CP.2000.P.00037"]
[Site "IECG email"]
[Date "2000.10.01"]
[Round "?"]
[White "Marek, Yves"]
[Black "Pereira, Joao"]
[Result "1-0"]
[WhiteElo "2190"]
[BlackElo "1654"]
[PlyCount "45"]
[EventDate "2000.10.01"]
[EventType "tourn (corr)"]
[EventRounds "6"]
[EventCountry "ITA"]
[SourceTitle "Corr 2008"]
[Source "ChessBase"]
[SourceDate "2008.06.24"]
[SourceVersion "1"]
[SourceVersionDate "2008.06.24"]
[SourceQuality "1"]

1. d4 Nf6 2. c4 g6 3. Nc3 Bg7 4. e4 d6 5. f4 0-0 6. Nf3 c5 7. d5 e6 8. Be2 exd5 9. cxd5 Re8 10. e5 dxe5 11. fxe5 Ng4 12. Bg5 Qb6 13. 0-0 Nxe5 14. Nxe5 Bxe5 15. Bc4 Qxb2 16. d6 Bf5 17. Rxf5 gxf5 18. Bxf7+ Kxf7 19. Qh5+ Kg7 20. Bh6+ Kf6 21. Rf1 Bd4+ 22. Kh1 Re5 23. Qg5+ 1-0

[Event "IECG CP.2000.P.00037"]
[Site "IECG email"]
[Date "2000.10.01"]
[Round "?"]
[White "Tricomi, Massimo"]
[Black "Marek, Yves"]
[Result "1-0"]
[WhiteElo "1573"]
[BlackElo "2190"]
[PlyCount "61"]
[EventDate "2000.10.01"]
[EventType "tourn (corr)"]
[EventRounds "6"]
[EventCountry "ITA"]
[SourceTitle "Corr 2008"]
[Source "ChessBase"]
[SourceDate "2008.06.24"]
[SourceVersion "1"]
[SourceVersionDate "2008.06.24"]
[SourceQuality "1"]

1. e4 e6 2. d4 d5 3. Nc3 Bb4 4. e5 c5 5. a3 Bxc3+ 6. bxc3 Ne7 7. Qg4 Qc7 8. Qxg7 Rg8 9. Qxh7 cxd4 10. Ne2 Nbc6 11. f4 Bd7 12. Qd3 dxc3 13. Nxc3 a6 14. Rb1 Rc8 15. h4 Nf5 16. Rh3 Nce7 17. Bd2 Bc6 18. h5 Nh6 19. Rg3 Rxg3 20. Qxg3 Nef5 21. Qh3 d4 22. Nd1 Qd8 23. g4 Nh4 24. Rb3 Ba4 25. Rb4 Bxc2 26. Nf2 b5 27. Nd3 Qd5 28. Kf2 a5 29. Qxh4 axb4 30. Nxb4 Qc5 31. Qg5 1-0

[Event "IECG C1.2000.0.00285"]
[Site "IECG email"]
[Date "2000.05.28"]
[Round "?"]
[White "Marek, Yves"]
[Black "Ophoff, Jacques"]
[Result "1/2-1/2"]
[WhiteElo "2190"]
[BlackElo "2100"]
[PlyCount "84"]
[EventDate "2000.05.28"]
[EventType "tourn (corr)"]
[EventRounds "6"]
[SourceTitle "Corr 2008"]
[Source "ChessBase"]
[SourceDate "2008.06.24"]
[SourceVersion "1"]
[SourceVersionDate "2008.06.24"]
[SourceQuality "1"]

1. d4 Nf6 2. c4 g6 3. Nc3 d5 4. Bg5 Ne4 5. Bh4 Nxc3 6. bxc3 Bg7 7. cxd5 Qxd5 8. e3 c5 9. Qf3 Qd8 10. Bc4 0-0 11. Ne2 cxd4 12. exd4 Nd7 13. 0-0 Nf6 14. Rab1 Qc7 15. Ba6 Bg4 16. Qxb7 Qxb7 17. Rxb7 Bc8 18. Rfb1 Bxb7 19. Bxb7 Rad8 20. c4 h6 21. f3 g5 22. Bf2 e6 23. a4 Rfe8 24. a5 Re7 25. a6 Ne8 26. Kf1 Bf6 27. c5 Nc7 28. Rc1 Kf8 29. Rc4 Nd5 30. Nc1 e5 31. Nb3 exd4 32. Nxd4 Nc7 33. Be4 Red7 34. Nb3 Be5 35. h4 Nxa6 36. hxg5 hxg5 37. g4 Nc7 38. c6 Rd1+ 39. Ke2 a6 40. Bc2 Rh1 41. Nc5 Bf4 42. Nd7+ Kg7 1/2-1/2

[Event "IECG C1.1999.0.00244"]
[Site "IECG email"]
[Date "1999.11.15"]
[Round "?"]
[White "Coarasa, Carlos Rodriguez"]
[Black "Marek, Yves"]
[Result "0-1"]
[WhiteElo "1920"]
[BlackElo "2190"]
[PlyCount "93"]
[EventDate "1999.11.15"]
[EventType "tourn (corr)"]
[EventRounds "6"]
[SourceTitle "Corr 2008"]
[Source "ChessBase"]
[SourceDate "2008.06.24"]
[SourceVersion "1"]
[SourceVersionDate "2008.06.24"]
[SourceQuality "1"]

1. e4 e6 2. c4 d5 3. cxd5 exd5 4. exd5 Nf6 5. Nf3 Nxd5 6. d4 Be7 7. Nc3 Be6 8. Bd3 0-0 9. 0-0 Nc6 10. a3 Bf6 11. Ne4 h6 12. Be3 Qe7 13. Rc1 Rfd8 14. Bb1 Bf5 15. Nc5 Bxb1 16. Rxb1 Nxe3 17. fxe3 Qxe3+ 18. Kh1 b6 19. Nb3 Nxd4 20. Nbxd4 Bxd4 21. Qc2 Bc5 22. Rbe1 Qf4 23. Re4 Qf6 24. b4 Bd6 25. Qc4 Re8 26. Qc6 Qd8 27. Rd4 Re3 28. Nh4 Qe8 29. Qd5 Re1 30. Rd1 Rxd1 31. Rxd1 Rd8 32. Qf3 Qe5 33. g3 Re8 34. Nf5 Qe4 35. Kg2 Qxf3+ 36. Kxf3 Re6 37. Nd4 Rf6+ 38. Ke4 Rf2 39. Nf3 f5+ 40. Ke3 Ra2 41. Rd3 g5 42. Kd4 Kf7 43. Ne5+ Ke6 44. Nc6 Rxh2 45. Nxa7 Rg2 46. Re3+ Kd7 47. Kd5 0-1

[Event "IECG C1.1999.0.00244"]
[Site "IECG email"]
[Date "1999.11.15"]
[Round "?"]
[White "Marek, Yves"]
[Black "Avron, David"]
[Result "1-0"]
[WhiteElo "2190"]
[BlackElo "2050"]
[PlyCount "49"]
[EventDate "1999.11.15"]
[EventType "tourn (corr)"]
[EventRounds "6"]
[SourceTitle "Corr 2008"]
[Source "ChessBase"]
[SourceDate "2008.06.24"]
[SourceVersion "1"]
[SourceVersionDate "2008.06.24"]
[SourceQuality "1"]

1. d4 Nf6 2. c4 c5 3. d5 b5 4. a4 b4 5. b3 g6 6. Bb2 Bg7 7. Nd2 0-0 8. e4 d6 9. Bd3 Nbd7 10. Ne2 Nh5 11. Bxg7 Nxg7 12. Qc2 Ne5 13. 0-0-0 Ng4 14. Rdf1 Nf6 15. f3 Qc7 16. g4 h6 17. h4 Nfe8 18. g5 h5 19. Ng3 a6 20. f4 f5 21. gxf6 Nxf6 22. f5 gxf5 23. exf5 Kh8 24. Rhg1 Bb7 25. Nde4 1-0